| 000 | 00978nam a22002777a 4500 | ||
|---|---|---|---|
| 001 | 1849 | ||
| 003 | FISKH | ||
| 005 | 20231004154045.0 | ||
| 008 | 231004b cb ||||| |||| 00| 0 eng d | ||
| 020 | _a9780545313926 | ||
| 040 |
_aFISKH _beng _cFISKH _dFISKH |
||
| 050 | _aPZ7.M9534 | ||
| 082 | _a823.914 | ||
| 100 | _aMurphy, Jill | ||
| 245 |
_aDear hound / _cJill Murphy |
||
| 250 | _aFirst Scholastic printing, November 2010 | ||
| 260 |
_aNew York : _bScholastic, _c2009. |
||
| 300 |
_a175 pages : _billustrations ; _c20 cm |
||
| 505 | _aW | ||
| 520 | _aWhen Alfie, a timid deerhound puppy, gets lost in the woods, he will do almost anything--including befriending a pair of foxes--to find his way home to his beloved boy, Charlie, who refuses to believe Alfie is gone for good. | ||
| 521 | 8 |
_a840
_bLexile |
|
| 521 | 8 |
_aW
_bRaz-Plus |
|
| 650 |
_aAnimals _vJuvenile Fiction _xGeneral |
||
| 650 |
_aDogs _vJuvenile Fiction _xAnimals |
||
| 942 |
_2ddc _cBK _n0 |
||
| 999 |
_c1849 _d1849 |
||